Loading...
| History - World History | 5 | 2 | 0 | 0 | 95 | 14 | 51.00 | 4 | 6 |
| History - Other History | 4 | 3 | 0 | 1 | 90 | 25 | 66.57 | 4 | 6 |
| History - European History | 3 | 4 | 0 | 0 | 85 | 27 | 58.71 | 4 | 6 |
| Fine Arts - Visual Fine Arts | 1 | 7 | 0 | 1 | 85 | 61 | 92.00 | 3 | 7 |
| Literature - World Literature | 3 | 3 | 0 | 0 | 75 | 63 | 84.83 | 2 | 6 |
| History - American History | 4 | 2 | 1 | 0 | 75 | 15 | 55.00 | 1 | 4 |
| Literature - British Literature | 2 | 4 | 0 | 1 | 70 | 39 | 84.00 | 0 | 6 |
| Literature - American Literature | 2 | 4 | 1 | 0 | 65 | 38 | 76.50 | 1 | 5 |
| Fine Arts - Other Fine Arts | 1 | 5 | 0 | 3 | 65 | 64 | 107.17 | 0 | 4 |
| Religion | 1 | 4 | 1 | 1 | 50 | 47 | 89.00 | 1 | 2 |
| Science - Other Science | 0 | 4 | 0 | 1 | 40 | 71 | 92.00 | 1 | 4 |
| Literature - European Literature | 1 | 3 | 1 | 0 | 40 | 64 | 93.00 | 2 | 4 |
| Fine Arts - Auditory Fine Arts | 2 | 2 | 2 | 0 | 40 | 30 | 52.50 | 2 | 4 |
| Philosophy | 1 | 3 | 1 | 0 | 40 | 62 | 69.50 | 3 | 3 |
| Mythology | 0 | 2 | 0 | 1 | 20 | 104 | 128.00 | 0 | 1 |
| Science - Chemistry | 1 | 1 | 1 | 1 | 20 | 66 | 100.50 | 1 | 1 |
| Current Events | 0 | 2 | 1 | 1 | 15 | 97 | 113.50 | 0 | 2 |
| Science - Physics | 0 | 3 | 3 | 2 | 15 | 115 | 120.00 | 0 | 1 |
| Other Academic | 0 | 1 | 1 | 0 | 5 | 112 | 112.00 | 0 | 0 |
| Geography | 0 | 0 | 1 | 0 | -5 | 0.00 | 0 | 0 | |
| Science - Biology | 0 | 0 | 1 | 0 | -5 | 0.00 | 0 | 0 | |
| Social Science | 0 | 1 | 4 | 0 | -10 | 126 | 126.00 | 0 | 0 |